LEADER 01238nam a2200289 4500 001 000000361888 003 CaOOAMICUS 005 20250306122548.0 008 250228s2001 it a 000 u ita r 020 $a88-452-4639-6 040 $aSeMil$bita 240 14$aThe illustrated history of Britain.$0(OLS)http://semarc/title/452723 245 00$aStoria dell'Inghilterra :$bda Cesare ai giorni nostri /$c[a cura di] Kenneth O. Morgan. 250 $a8. ed. 264 1$aMilano :$bTascabili Bompiani,$c2001. 300 $a565 p. :$bill. ;$c22 cm 490 1 $aStoria paperback 650 4$aInghilterra - Storia.$0(OLS)http://semarc/subject/960 700 1 $aMorgan, Kenneth Owen,$d<1934- >.$0(OLS)http://semarc/name/121582 830 0$aStoria paperback.$0(OLS)http://semarc/title/20124 850 $aSeMil 852 $aSeMil$W1$xVenegono$y1$m3W II 93$j254994$B252833$CSeMilBibl$Z2$F252833 $81 961 $aBuzzi mons. Franco - Omaggio 996 $6020$a88-452-4639-6$9(OLS)http://semarc/number/302592 996 $6245$aStoria dell'Inghilterra :$bda Cesare ai giorni nostri$9(OLS)http://semarc/title/452724 996 $6264$aMilano :$bTascabili Bompiani$9(OLS)http://semarc/publisher/32847 LEADER 00833nam a2200217 i 4500 001 000000116911 003 CaOOAMICUS 005 20051025000000.0 008 051025s1971 it u000 u ita u 013 $a89600 040 $aSeMil$bita 100 1 $aDickens, Charles,$d<1812-1870>.$0(OLS)http://semarc/name/6853 245 10$aVisioni d'Italia /$cCharles Dickens ; introduzione, traduzione e note di Pasquale Maffeo. 260 $aMilano :$bCeschina,$ccopyr. 1971. 300 $a215 p. ;$c24 cm. 700 1 $aMaffeo, Pasquale.$0(OLS)http://semarc/name/48792 850 $aSeMil 852 $aSeMil$W1$xVenegono$y1$m4Y IV 141$j72311$B72311$CSeMilBibl$Z2$F104880 $81 961 $aOmaggio: Altro 996 $6245$aVisioni d'Italia$9(OLS)http://semarc/title/171497 996 $6260$aMilano :$bCeschina$9(OLS)http://semarc/publisher/30279